Central Library OPAC University of Rajshahi

The blowing up of the Parthenon : (Record no. 41986)

MARC details
000 -LEADER
fixed length control field 00675nam a2200217 a 4500
001 - CONTROL NUMBER
control field 41986
003 - CONTROL NUMBER IDENTIFIER
rucl marc code BD-RjUL
005 - DATE AND TIME OF LATEST TRANSACTION
control field 20211209053459.0
008 - FIXED-LENGTH DATA ELEMENTS--GENERAL INFORMATION
fixed length control field 160608s1960 enk 000 0 eng d
035 ## - SYSTEM CONTROL NUMBER
System control number (BD-RjUL)
040 ## - CATALOGING SOURCE
Original cataloging agency DLC
Transcribing agency TXJ
Modifying agency UKM
-- EQO
-- BD-RjUL
Language of cataloging eng
041 ## - LANGUAGE CODE
Language code of text/sound track or separate title eng
082 ## - DEWEY DECIMAL CLASSIFICATION NUMBER
Classification number 327.1
Edition number 23
Author mark and year MAB 1960
100 1# - MAIN ENTRY--PERSONAL NAME
Personal name Madariaga, Salvador de,
Dates associated with a name 1886-1978.
9 (RLIN) 129073
245 14 - TITLE STATEMENT
Title The blowing up of the Parthenon :
Remainder of title or How to lose the cold war/
Statement of responsibility, etc. Salvador De Madariaga
260 ## - PUBLICATION, DISTRIBUTION, ETC. (IMPRINT)
Place of publication, distribution, etc. London :
Name of publisher, distributor, etc. Pall Mall Press,
Date of publication, distribution, etc. [1960]
300 ## - PHYSICAL DESCRIPTION
Pagination 93 p. ;
Size 19 cm.
650 #0 - SUBJECT ADDED ENTRY--TOPICAL TERM
Topical term or geographic name as entry element International relations.
9 (RLIN) 129074
Topical term or geographic name as entry element World politics
Chronological subdivision 1945-1955
9 (RLIN) 129075
942 ## - ADDED ENTRY ELEMENTS (KOHA)
Source of classification or shelving scheme Dewey Decimal Classification
Koha item type Books
Holdings
Lost status Source of classification or shelving scheme Damaged status Not for loan Collection code Permanent Location Current Location Shelving location Date acquired Source of acquisition Total Checkouts Full call number Date last seen Copy number Koha item type
  Dewey Decimal Classification     Non-fiction Central Library, University of Rajshahi Central Library, University of Rajshahi   01/05/1963 Register, RU   327.1 MAB 1960 09/06/2016 C-2 Books
  Dewey Decimal Classification     Non-fiction Central Library, University of Rajshahi Central Library, University of Rajshahi   01/05/1963 Register, RU   327.1 MAB 1960 09/06/2016 C-3 Books